000 00796cam a22002651 4500
001 34145
003 BD-RjUL
005 20211209052119.0
008 140514s1947 nyub b 001 0 eng d
035 _a(BD-RjUL)34239
035 _a(OCoLC)225155
040 _aDLC
_cOYU
_dOCoLC
_dBD-RjUL)
_beng
041 _aeng
082 _a323.35
_bKIC 1947
100 1 _aKinneman, John A.
_q(John Albertus),
_d1895-
_9103789
245 1 4 _aThe community in American society /
_cKinneman, John A.
260 _aNew York :
_bF.S. Crofts,
_c1947.
300 _axiii, 450 p. :
_bmaps. ;
_c22 cm.
504 _aIncludes bibliographies and index.
650 0 _aCommunity life.
_9103790
650 0 _aCities and towns
_zUnited States.
_9103791
942 _2ddc
_cBK
999 _c34145
_d34145